| 000 | 00366nam a2200145Ia 4500 | ||
|---|---|---|---|
| 005 | 20250729165804.0 | ||
| 008 | 250729s2013 xx 000 0 und d | ||
| 041 | _aeng | ||
| 082 | _a613.2 HUBC | ||
| 100 |
_aHubbard L Ron _9233039 |
||
| 245 | _aClear Body Clear Mind | ||
| 260 |
_aDenmark _bNew Era Publication _c2013 |
||
| 300 | _a277p | ||
| 650 |
_aScience _9233040 |
||
| 999 |
_c240082 _d240082 |
||